000 00681nam a22002177a 4500
003 UA-OsUOA
001 65951
007 ta
008 20091214b un ||||| |||| 00| 0 ukr d
100 _aТомах О.А.
090 _a657
_bТ56
942 _cSA
040 _aUA-OsUOA
_bukr
_cUA-OsUOA
_dUA-OsUOA
245 _aУдосконалення організації обліку основних засобів у сучасних умовах господарювання
300 _aС.20-25
955 _a0
041 _aukr
080 _a657
773 0 _w65949
650 7 _a657 Бухгалтерія. Бухгалтерський облік. Рахівництво
_2UDC
999 _c351623
_d351623